[Event "40 Yrs Beer Sheva CC"]
[Site "Beer Sheva ISR"]
[Date "2013.05.26"]
[Round "1"]
[White "Huzman, Alexander"]
[Black "Greenfeld, Alon"]
[Result "1/2-1/2"]
[WhiteTitle "GM"]
[BlackTitle "GM"]
[WhiteElo "2572"]
[BlackElo "2538"]
[WhiteFideId "2803828"]
[BlackFideId "2800039"]
[EventDate "2013.05.26"]

1. Nf3 c5 2. c4 Nf6 3. Nc3 e6 4. g3 Nc6 5. Bg2 d5 6. cxd5 Nxd5 7. O-O Be7 8. d4
O-O 9. e4 Nb6 10. dxc5 Qxd1 11. Rxd1 Bxc5 12. e5 Bb4 13. Bf4 Bxc3 14. bxc3 Bd7
15. Be3 Rfd8 16. Rab1 Be8 17. Rxd8 Rxd8 18. Bxb6 axb6 19. h3 Rd3 20. Rxb6 Na5
21. Nd4 Rxc3 22. Nb3 Nxb3 23. axb3 Rc1+ 24. Kh2 Rc2 25. Kg1 Rc1+ 26. Kh2 Rc2 1/2-1/2

[Event "40 Yrs Beer Sheva CC"]
[Site "Beer Sheva ISR"]
[Date "2013.05.26"]
[Round "1"]
[White "Alekseev, Evgeny"]
[Black "Fridman, Daniel"]
[Result "1-0"]
[WhiteTitle "GM"]
[BlackTitle "GM"]
[WhiteElo "2700"]
[BlackElo "2648"]
[WhiteFideId "4138147"]
[BlackFideId "11600454"]
[EventDate "2013.05.26"]

1. e4 e6 2. d4 d5 3. Nc3 Nf6 4. e5 Nfd7 5. f4 c5 6. Nf3 Nc6 7. Be3 Qb6 8. Be2
cxd4 9. Nxd4 Bc5 10. Na4 Qa5+ 11. c3 Bxd4 12. Bxd4 Nxd4 13. b4 Nf3+ 14. Bxf3 Qc7
15. Qd4 b5 16. Nb2 a5 17. Be2 axb4 18. cxb4 Ba6 19. Kf2 O-O 20. Rhc1 Qb8 21. Nd3
Bc8 22. Rc3 f6 23. exf6 Nxf6 24. Bf3 Bb7 25. Kg1 Ne4 26. Bxe4 dxe4 27. Nc5 Qxf4
28. Nxe6 Qf6 29. Qxf6 Rxf6 30. Nc7 Rb8 31. Nxb5 Ba6 32. Nc7 Bd3 33. Nd5 Rd6 34.
Ne7+ Kf7 35. Nf5 Ra6 36. Rc7+ Kf6 37. Ne3 Ke5 38. Rxg7 Kd4 39. Nf5+ Kc3 40. Rc7+
Kd2 41. a3 Bb5 42. Ra2+ Kd3 43. Ra1 e3 44. Rd1+ Ke4 45. Nd6+ Kf4 46. Rf7+ Kg5
47. Rf5+ Kg6 48. Rxb5 e2 49. Re1 Rf8 50. Ne4 Rxa3 51. Ng3 h5 52. Nxe2 1-0

[Event "40 Yrs Beer Sheva CC"]
[Site "Beer Sheva ISR"]
[Date "2013.05.26"]
[Round "1"]
[White "Avrukh, Boris"]
[Black "Laznicka, Viktor"]
[Result "1-0"]
[WhiteTitle "GM"]
[BlackTitle "GM"]
[WhiteElo "2576"]
[BlackElo "2679"]
[WhiteFideId "2803895"]
[BlackFideId "316385"]
[EventDate "2013.05.26"]

1. d4 d5 2. c4 dxc4 3. e3 Nf6 4. Bxc4 e6 5. Nf3 c5 6. O-O a6 7. Bd3 Nbd7 8. Re1
b5 9. e4 cxd4 10. e5 Nd5 11. a4 bxa4 12. Rxa4 Nc5 13. Rxd4 Nxd3 14. Qxd3 Bb7 15.
Nc3 Be7 16. Ne4 h6 17. Ng3 Qb6 18. Rg4 g6 19. Rc4 Rd8 20. Ne4 Kf8 21. Nd6 Kg7
22. b3 a5 23. Qc2 Nb4 24. Qc3 Na2 25. Be3 Qa6 26. Qa1 Nb4 27. Rc7 Bxf3 28. Rxe7
Nc2 29. Qc1 Rxd6 30. exd6 Qxd6 31. Qxc2 Qxe7 32. Bd4+ f6 33. gxf3 Rb8 34. Qc3
Kf7 35. Qe3 g5 36. Qe4 e5 37. Qh7+ Ke8 38. Qf5 Rb5 39. Rc1 Rd5 40. Rc6 Rxd4 41.
Re6 Rf4 42. Rxe7+ Kxe7 43. Qc8 Rb4 44. Qc5+ Ke8 45. Qxa5 1-0

[Event "40 Yrs Beer Sheva CC"]
[Site "Beer Sheva ISR"]
[Date "2013.05.26"]
[Round "1"]
[White "Nabaty, Tamir"]
[Black "Rodshtein, Maxim"]
[Result "1-0"]
[WhiteTitle "GM"]
[BlackTitle "GM"]
[WhiteElo "2579"]
[BlackElo "2638"]
[WhiteFideId "2809052"]
[BlackFideId "2806851"]
[EventDate "2013.05.26"]

1. d4 d5 2. c4 c6 3. cxd5 cxd5 4. Bg5 h6 5. Bh4 Qb6 6. Nc3 e6 7. Qd2 Nc6 8. e3
Bd7 9. Bd3 Rc8 10. Nf3 Be7 11. Bxe7 Ngxe7 12. Na4 Qb4 13. Nc5 b6 14. Nxd7 Qxd2+
15. Kxd2 Kxd7 16. Ba6 Rc7 17. Ne5+ Nxe5 18. dxe5 Rb8 19. Bb5+ Kd8 20. Rac1 Rc5
21. Bd3 Rbc8 22. f4 a5 23. g4 Nc6 24. Rc3 Nb4 25. Bb1 Rxc3 26. bxc3 Na6 27. Bc2
Nc5 28. h4 Ke7 29. g5 Rh8 30. g6 f6 31. exf6+ Kxf6 32. Rb1 Rb8 33. h5 Ke7 34. a4
Kd6 35. c4 dxc4 36. Kc3 Kc6 37. e4 Rd8 38. Rf1 b5 39. axb5+ Kxb5 40. f5 exf5 41.
exf5 Rf8 42. f6 gxf6 43. Rf5 Kc6 44. Kxc4 Ne6 45. Ba4+ Kc7 46. Rxa5 Rd8 47. Ra7+
Kd6 48. Rf7 Ke5 49. Re7 Kd6 50. Rh7 Ke5 51. Rxh6 Rd4+ 52. Kb5 Rd5+ 53. Kb6 Rd6+
54. Ka7 Rd4 55. Bb3 Rd7+ 56. Kb6 Rd6+ 57. Ka5 Nd4 58. g7 Nxb3+ 59. Kb4 Rb6+ 60.
Ka3 1-0

[Event "40 Yrs Beer Sheva CC"]
[Site "Beer Sheva ISR"]
[Date "2013.05.26"]
[Round "1"]
[White "Fedorchuk, Sergey A."]
[Black "Khmelniker, Ilya"]
[Result "1/2-1/2"]
[WhiteTitle "GM"]
[BlackTitle "GM"]
[WhiteElo "2660"]
[BlackElo "2494"]
[WhiteFideId "14102536"]
[BlackFideId "2805340"]
[EventDate "2013.05.26"]

1. e4 e5 2. Nf3 Nc6 3. Bb5 Nf6 4. O-O Nxe4 5. d4 Nd6 6. Bxc6 dxc6 7. dxe5 Nf5 8.
Qxd8+ Kxd8 9. Rd1+ Ke8 10. Nc3 h6 11. h3 Be7 12. Bf4 Be6 13. g4 Nh4 14. Nd4 h5
15. Nxe6 fxe6 16. Ne4 hxg4 17. hxg4 Rd8 18. Rxd8+ Kxd8 19. Bg3 Kc8 20. Rd1 b6
21. Rd3 c5 22. c4 Ng6 23. Kg2 Bh4 24. Bh2 Be7 25. b3 a6 26. Bg3 Bh4 27. Rd1 Rf8
28. Bh2 Be7 29. Rd3 Nh4+ 30. Kf1 Nf3 31. Bg3 Nd4 32. Kg2 Kb7 33. Rd1 Kc6 34. Rh1
Bd8 35. Rh7 Rg8 36. f4 b5 37. Bf2 a5 38. cxb5+ Kxb5 39. Rh1 Rf8 40. Rc1 Be7 41.
Bxd4 cxd4 42. Rxc7 Rxf4 43. Nf2 Bh4 44. Nd3 Rxg4+ 45. Kf1 Bg3 46. a4+ Kb6 47.
Rd7 Re4 48. Rd6+ Kc7 49. Rxe6 Re3 50. Nb2 Rxb3 51. Nc4 Rb4 52. Nxa5 Rxa4 53. Nb3
Rb4 54. Nc5 Rc4 55. Ne4 Bf4 56. Ke2 Kd7 57. Rd6+ Ke7 58. Kd3 Ra4 59. Rxd4 Ra3+
60. Ke2 Bxe5 61. Rc4 Ke6 62. Ng5+ Kd5 63. Rb4 Bf6 64. Nf3 Ke6 65. Rb5 Ra2+ 66.
Ke3 Ra3+ 67. Ke4 Ra4+ 68. Ke3 Rg4 69. Rb6+ Kf7 70. Rb5 Rg2 71. Kf4 Ke6 72. Rb6+
Kd5 1/2-1/2

[Event "40 Yrs Beer Sheva CC"]
[Site "Beer Sheva ISR"]
[Date "2013.05.26"]
[Round "2"]
[White "Avrukh, Boris"]
[Black "Fedorchuk, Sergey A."]
[Result "1/2-1/2"]
[WhiteTitle "GM"]
[BlackTitle "GM"]
[WhiteElo "2576"]
[BlackElo "2660"]
[WhiteFideId "2803895"]
[BlackFideId "14102536"]
[EventDate "2013.05.26"]

1. d4 Nf6 2. c4 e6 3. g3 Bb4+ 4. Bd2 a5 5. Bg2 O-O 6. Nf3 b6 7. O-O Bb7 8. Bg5
Be7 9. Bxf6 Bxf6 10. Nc3 d6 11. e4 Nd7 12. Qd2 g6 13. h4 Bg7 14. h5 Qe7 15. hxg6
fxg6 16. d5 Nc5 17. Nd4 h5 18. Nxe6 Nxe6 19. dxe6 Bxc3 20. Qxc3 Qxe6 21. Rae1 1/2-1/2

[Event "40 Yrs Beer Sheva CC"]
[Site "Beer Sheva ISR"]
[Date "2013.05.26"]
[Round "2"]
[White "Greenfeld, Alon"]
[Black "Nabaty, Tamir"]
[Result "1/2-1/2"]
[WhiteTitle "GM"]
[BlackTitle "GM"]
[WhiteElo "2538"]
[BlackElo "2579"]
[WhiteFideId "2800039"]
[BlackFideId "2809052"]
[EventDate "2013.05.26"]

1. d4 Nf6 2. Nf3 b6 3. c4 Bb7 4. Nc3 e6 5. a3 d5 6. cxd5 Nxd5 7. e3 Nxc3 8. bxc3
Be7 9. Bb5+ c6 10. Bd3 c5 11. O-O O-O 12. Qc2 h6 13. e4 cxd4 14. cxd4 Nc6 15.
Be3 Rc8 16. Qe2 Na5 17. Rfd1 Rc3 18. a4 Qa8 19. d5 exd5 20. e5 Nb3 21. Nd4 Rxd3
22. Rxd3 Nxa1 23. Nf5 Qd8 24. Bxh6 g6 25. Nxe7+ Qxe7 26. Bxf8 Kxf8 27. Qb2 d4
28. Rxd4 Qg5 29. g3 Qf5 30. Rf4 Qd3 31. Qxa1 g5 32. Rf6 Qe4 33. f3 Qe3+ 34. Kg2
g4 35. Qa2 Bxf3+ 36. Kf1 Qd3+ 37. Kf2 Qd4+ 38. Kf1 Qd3+ 39. Kf2 Qd4+ 40. Kf1 Bd5 1/2-1/2

[Event "40 Yrs Beer Sheva CC"]
[Site "Beer Sheva ISR"]
[Date "2013.05.26"]
[Round "2"]
[White "Rodshtein, Maxim"]
[Black "Alekseev, Evgeny"]
[Result "1-0"]
[WhiteTitle "GM"]
[BlackTitle "GM"]
[WhiteElo "2638"]
[BlackElo "2700"]
[WhiteFideId "2806851"]
[BlackFideId "4138147"]
[EventDate "2013.05.26"]

1. d4 Nf6 2. c4 e6 3. Nf3 d5 4. Nc3 Bb4 5. Bg5 Nbd7 6. cxd5 exd5 7. Qc2 c5 8. a3
Bxc3+ 9. Qxc3 c4 10. Qe3+ Kf8 11. a4 Qa5+ 12. Qd2 Qb6 13. a5 Qb3 14. Ra3 Qb5 15.
g3 Ne4 16. Qc1 b6 17. Bg2 bxa5 18. O-O Nb6 19. Bf4 Bf5 20. Nh4 Be6 21. f3 Nf6
22. e4 Ne8 23. Bd2 a4 24. e5 Qd7 25. f4 f5 26. g4 g6 27. gxf5 gxf5 28. Bb4+ Kf7
29. Rg3 Ng7 30. Bh3 Rag8 31. Kh1 Qd8 32. Qe1 Nc8 33. Rg5 Ne7 34. Bxe7 Qxe7 35.
Bxf5 Nxf5 36. Nxf5 Bxf5 37. Rxf5+ Ke8 38. e6 Qd6 39. Re5 Rf8 40. Qh4 Rhg8 41.
Qh5+ 1-0

[Event "40 Yrs Beer Sheva CC"]
[Site "Beer Sheva ISR"]
[Date "2013.05.26"]
[Round "2"]
[White "Khmelniker, Ilya"]
[Black "Huzman, Alexander"]
[Result "0-1"]
[WhiteTitle "GM"]
[BlackTitle "GM"]
[WhiteElo "2494"]
[BlackElo "2572"]
[WhiteFideId "2805340"]
[BlackFideId "2803828"]
[EventDate "2013.05.26"]

1. d4 Nf6 2. c4 e6 3. Nf3 d5 4. g3 dxc4 5. Bg2 c5 6. O-O Nc6 7. dxc5 Qxd1 8.
Rxd1 Bxc5 9. Nbd2 c3 10. bxc3 Bd7 11. Nb3 Be7 12. Nfd4 O-O 13. Bf4 Rac8 14. Nb5
Nd5 15. Bxd5 exd5 16. Rxd5 Be6 17. Rd2 Bc4 18. N5d4 Nxd4 19. Nxd4 Rfd8 20. Rc1
b5 21. Be3 g6 22. f3 f6 23. Bf2 a6 24. e4 Bf7 25. Rcc2 Rc4 26. Re2 b4 27. Nb3
bxc3 28. Bb6 Rd3 29. Kf2 Rc6 30. Be3 Bxb3 31. axb3 Bb4 32. Re1 Rcd6 33. Ke2 a5
34. g4 Rd7 35. h4 Kf7 36. Rh1 Ke6 37. Kf2 Rd1 38. Rh3 Rb1 39. f4 Rxb3 0-1

[Event "40 Yrs Beer Sheva CC"]
[Site "Beer Sheva ISR"]
[Date "2013.05.26"]
[Round "2"]
[White "Laznicka, Viktor"]
[Black "Postny, Evgeny"]
[Result "1-0"]
[WhiteTitle "GM"]
[BlackTitle "GM"]
[WhiteElo "2679"]
[BlackElo "2637"]
[WhiteFideId "316385"]
[BlackFideId "2804344"]
[EventDate "2013.05.26"]

1. d4 d5 2. c4 dxc4 3. Nf3 Nf6 4. e3 e6 5. Bxc4 a6 6. O-O b5 7. Bb3 Bb7 8. a4
Nbd7 9. Qe2 c5 10. Rd1 Bd6 11. axb5 axb5 12. Rxa8 Qxa8 13. Na3 b4 14. Nb5 Bb8
15. dxc5 Nxc5 16. Bc4 O-O 17. Bd2 Qa4 18. Nfd4 Nce4 19. Be1 Bd5 20. b3 Bxc4 21.
Qxc4 Qa2 22. Nc6 Bxh2+ 23. Kxh2 Nxf2 24. Bxf2 Qxf2 25. Nd6 Nd5 26. Rxd5 exd5 27.
Qxb4 Qf6 28. Qf4 Qe6 29. b4 f6 30. b5 g5 31. Qb4 Qxe3 32. b6 h5 33. b7 h4 34.
Nf5 1-0

[Event "40 Yrs Beer Sheva CC"]
[Site "Beer Sheva ISR"]
[Date "2013.05.26"]
[Round "3"]
[White "Alekseev, Evgeny"]
[Black "Greenfeld, Alon"]
[Result "1-0"]
[WhiteTitle "GM"]
[BlackTitle "GM"]
[WhiteElo "2700"]
[BlackElo "2538"]
[WhiteFideId "4138147"]
[BlackFideId "2800039"]
[EventDate "2013.05.26"]

1. e4 e5 2. Nf3 Nc6 3. Bb5 a6 4. Ba4 Nf6 5. d3 d6 6. c3 g6 7. O-O Bg7 8. Re1 O-O
9. h3 b5 10. Bc2 Bb7 11. Be3 Nb8 12. b4 Nbd7 13. Nbd2 d5 14. Qb1 Nh5 15. Nb3 Rb8
16. a4 f5 17. Na5 fxe4 18. Nxb7 Rxb7 19. dxe4 Rxf3 20. gxf3 d4 21. Bd2 Qh4 22.
Qb3+ Kh8 23. Qe6 Nf8 24. Qg4 Qd8 25. axb5 dxc3 26. Bg5 Qe8 27. bxa6 Ra7 1-0

[Event "40 Yrs Beer Sheva CC"]
[Site "Beer Sheva ISR"]
[Date "2013.05.26"]
[Round "3"]
[White "Huzman, Alexander"]
[Black "Avrukh, Boris"]
[Result "1/2-1/2"]
[WhiteTitle "GM"]
[BlackTitle "GM"]
[WhiteElo "2572"]
[BlackElo "2576"]
[WhiteFideId "2803828"]
[BlackFideId "2803895"]
[EventDate "2013.05.26"]

1. Nf3 d5 2. d4 Nf6 3. c4 e6 4. Nc3 Be7 5. Bg5 O-O 6. e3 h6 7. Bxf6 Bxf6 8. Rc1
c6 9. Be2 Nd7 10. O-O dxc4 11. Bxc4 e5 12. h3 exd4 13. exd4 Nb6 14. Bb3 a5 15.
a3 Bf5 16. Re1 Qd6 17. Ne5 Bxe5 18. Rxe5 Bg6 19. Qd2 a4 20. Ba2 Nd7 21. Re3 Nf6
22. Qd1 Rfd8 23. d5 Nxd5 24. Nxd5 1/2-1/2

[Event "40 Yrs Beer Sheva CC"]
[Site "Beer Sheva ISR"]
[Date "2013.05.26"]
[Round "3"]
[White "Roiz, Michael"]
[Black "Rodshtein, Maxim"]
[Result "1/2-1/2"]
[WhiteTitle "GM"]
[BlackTitle "GM"]
[WhiteElo "2617"]
[BlackElo "2638"]
[WhiteFideId "2804158"]
[BlackFideId "2806851"]
[EventDate "2013.05.26"]

1. Nf3 d5 2. d4 Nf6 3. c4 c6 4. Qb3 e6 5. Bg5 Nbd7 6. Nc3 Be7 7. e3 a6 8. cxd5
cxd5 9. Bd3 O-O 10. O-O b5 11. Rfc1 Bb7 12. Ne2 Nb6 13. Qd1 Nc4 14. Rc2 h6 15.
Bh4 Qa5 16. b3 Nd6 17. Ne5 Rfc8 18. f3 Rxc2 19. Bxc2 Rc8 20. Bd3 b4 21. Nd7 1/2-1/2

[Event "40 Yrs Beer Sheva CC"]
[Site "Beer Sheva ISR"]
[Date "2013.05.26"]
[Round "3"]
[White "Postny, Evgeny"]
[Black "Fridman, Daniel"]
[Result "0-1"]
[WhiteTitle "GM"]
[BlackTitle "GM"]
[WhiteElo "2637"]
[BlackElo "2648"]
[WhiteFideId "2804344"]
[BlackFideId "11600454"]
[EventDate "2013.05.26"]

1. d4 d5 2. c4 e6 3. Nf3 c6 4. g3 dxc4 5. Bg2 b5 6. a4 Bb7 7. O-O Nd7 8. Nc3 a6
9. e4 Ngf6 10. e5 Nd5 11. Ng5 h6 12. Qh5 g6 13. Qh3 Be7 14. Nce4 Kf8 15. Ra3 Kg7
16. Nxf7 Kxf7 17. Rf3+ Kg7 18. Qxe6 Qe8 19. Qh3 Bc8 20. g4 h5 21. gxh5 Nxe5 22.
Qg3 Nxf3+ 23. Bxf3 Bf5 24. Re1 Qb8 25. h6+ Rxh6 26. Bxh6+ Kxh6 27. Qg2 Nf4 0-1

[Event "40 Yrs Beer Sheva CC"]
[Site "Beer Sheva ISR"]
[Date "2013.05.26"]
[Round "3"]
[White "Fedorchuk, Sergey A."]
[Black "Laznicka, Viktor"]
[Result "0-1"]
[WhiteTitle "GM"]
[BlackTitle "GM"]
[WhiteElo "2660"]
[BlackElo "2679"]
[WhiteFideId "14102536"]
[BlackFideId "316385"]
[EventDate "2013.05.26"]

1. e4 c6 2. d4 d5 3. e5 Bf5 4. Nd2 e6 5. Nb3 Nd7 6. Nf3 Ne7 7. Be2 Bg6 8. O-O
Nf5 9. a4 Be7 10. g4 Nh6 11. h3 Ng8 12. Ne1 h5 13. gxh5 Bf5 14. Bg4 g6 15. hxg6
fxg6 16. Ng2 Nf8 17. a5 a6 18. Ra4 Qd7 19. Nc5 Bxc5 20. dxc5 Qe7 21. h4 Qxc5 22.
Bg5 Qxc2 23. Qd4 c5 24. Qf4 Bxg4 25. Qxg4 Nh6 26. Qf4 Nf7 27. Bf6 Rh5 28. Rc1
Qxb2 29. Rxc5 Rf5 30. Rb4 Qa1+ 31. Qc1 Qxc1+ 32. Rxc1 Nxe5 33. Bxe5 Rxe5 34. Rc7
Rd8 35. Ne3 Rd7 36. Rcxb7 Rxb7 37. Rxb7 Nd7 38. Ra7 d4 39. Nc4 Rc5 40. Nd6+ Ke7
41. Rxa6 d3 42. Ne4 Re5 43. Nd2 Re2 44. Nc4 d2 45. Nxd2 Rxd2 46. Ra8 Rd4 47. Rh8
Ra4 48. Rh7+ Kd6 49. Rh6 Nf8 50. h5 Rxa5 51. Rh8 Ke7 0-1

[Event "40 Yrs Beer Sheva CC"]
[Site "Beer Sheva ISR"]
[Date "2013.05.27"]
[Round "4"]
[White "Avrukh, Boris"]
[Black "Nabaty, Tamir"]
[Result "0-1"]
[WhiteTitle "GM"]
[BlackTitle "GM"]
[WhiteElo "2576"]
[BlackElo "2579"]
[WhiteFideId "2803895"]
[BlackFideId "2809052"]
[EventDate "2013.05.26"]

1. d4 d5 2. c4 c6 3. Nf3 Nf6 4. g3 dxc4 5. Bg2 g6 6. O-O Bg7 7. a4 O-O 8. Na3
Be6 9. Ng5 Bd5 10. e4 h6 11. exd5 hxg5 12. dxc6 Nxc6 13. Nxc4 Nxd4 14. Bxg5 Rc8
15. b3 Nd7 16. Re1 Ne6 17. Be3 Bxa1 18. Qxa1 Ndc5 19. Ne5 Nxb3 20. Qa2 Qa5 21.
Rb1 Qxe5 22. Rxb3 b6 23. Rb5 Qc3 24. h4 Kg7 25. h5 Rh8 26. g4 gxh5 27. gxh5 Rc5
28. Bxc5 Qc1+ 29. Bf1 Qg5+ 30. Bg2 Qc1+ 31. Bf1 Qg5+ 32. Bg2 bxc5 33. Qa1+ f6
34. Rb7 0-1

[Event "40 Yrs Beer Sheva CC"]
[Site "Beer Sheva ISR"]
[Date "2013.05.27"]
[Round "4"]
[White "Fedorchuk, Sergey A."]
[Black "Huzman, Alexander"]
[Result "0-1"]
[WhiteTitle "GM"]
[BlackTitle "GM"]
[WhiteElo "2660"]
[BlackElo "2572"]
[WhiteFideId "14102536"]
[BlackFideId "2803828"]
[EventDate "2013.05.26"]

1. e4 e6 2. d4 d5 3. Nc3 Nf6 4. e5 Nfd7 5. f4 c5 6. Nf3 Nc6 7. Be3 cxd4 8. Nxd4
Bc5 9. Qd2 Bxd4 10. Bxd4 Nxd4 11. Qxd4 Qb6 12. Nb5 Qxd4 13. Nxd4 Nc5 14. g3 Bd7
15. Bg2 h5 16. O-O-O Ke7 17. b3 a5 18. a3 b5 19. Kb2 Rhb8 20. f5 exf5 21. Ne2
Ne4 22. Rxd5 b4 23. a4 Be6 24. Rd4 Rc8 25. Nf4 Rc5 26. Bxe4 fxe4 27. Rxe4 Rac8
28. Rc1 Bf5 29. Re2 Bg4 30. Re3 Bf5 31. c4 bxc3+ 32. Rcxc3 g6 33. h4 Be6 34. Ne2
Kd7 35. Nf4 Ke7 36. Rxc5 Rxc5 37. Nd3 Rc7 38. Nf4 Rc5 39. Re4 Bf5 40. Re2 Be6
41. Nd3 Rd5 42. Kc3 Bf5 43. Nf4 Rc5+ 44. Kd4 Rc1 45. Re3 Be6 46. Rf3 Bf5 47. Rc3
Re1 48. Rc7+ Kf8 49. Rc5 Re4+ 50. Kd5 Re3 51. Kc4 Rxg3 52. Nd5 Bc2 53. Rc8+ Kg7
54. Rb8 g5 55. hxg5 Rxg5 56. b4 axb4 57. a5 Rxe5 58. a6 Be4 59. Rd8 Rxd5 60.
Rxd5 Bxd5+ 61. Kxd5 b3 62. a7 b2 63. a8=Q b1=Q 64. Ke5 Qf1 65. Qd8 Qe2+ 66. Kf4
Qg4+ 67. Ke3 h4 68. Kf2 h3 69. Qe7 Qg2+ 70. Ke1 Qg3+ 71. Kf1 h2 72. Qe4 Qg1+ 0-1

[Event "40 Yrs Beer Sheva CC"]
[Site "Beer Sheva ISR"]
[Date "2013.05.27"]
[Round "4"]
[White "Khmelniker, Ilya"]
[Black "Alekseev, Evgeny"]
[Result "0-1"]
[WhiteTitle "GM"]
[BlackTitle "GM"]
[WhiteElo "2494"]
[BlackElo "2700"]
[WhiteFideId "2805340"]
[BlackFideId "4138147"]
[EventDate "2013.05.26"]

1. d4 Nf6 2. Nf3 e6 3. c4 d5 4. Nc3 Bb4 5. cxd5 exd5 6. Bg5 Nbd7 7. Qc2 c5 8. a3
Bxc3+ 9. Qxc3 c4 10. Qe3+ Qe7 11. Qxe7+ Kxe7 12. a4 h6 13. Bc1 Ne4 14. Nd2 Ndf6
15. f3 Nxd2 16. Bxd2 Bf5 17. e4 dxe4 18. Bxc4 Rhc8 19. Bb4+ Ke8 20. b3 Be6 21.
Bb5+ Bd7 22. Bc4 Be6 23. Bb5+ Bd7 24. fxe4 a5 25. Bc5 Bxb5 26. axb5 Nxe4 27. Bb6
f6 28. O-O Nc3 29. Rf5 Kf7 30. Rxa5 Rxa5 31. Bxa5 Ke6 32. Rf2 Ne4 33. Rf1 Rc2
34. g4 Rb2 35. Rf3 Kd5 36. Bb6 Nd2 37. Rf5+ Ke4 38. Bc7 Nf3+ 39. Kf1 Nxd4 40.
Rc5 Rxb3 41. b6 Kf3 42. Ke1 Rb1+ 0-1

[Event "40 Yrs Beer Sheva CC"]
[Site "Beer Sheva ISR"]
[Date "2013.05.27"]
[Round "4"]
[White "Greenfeld, Alon"]
[Black "Roiz, Michael"]
[Result "1/2-1/2"]
[WhiteTitle "GM"]
[BlackTitle "GM"]
[WhiteElo "2538"]
[BlackElo "2617"]
[WhiteFideId "2800039"]
[BlackFideId "2804158"]
[EventDate "2013.05.26"]

1. d4 Nf6 2. c4 e6 3. Nc3 Bb4 4. e3 O-O 5. Bd3 d5 6. Nf3 c5 7. O-O Nc6 8. a3 Ba5
9. Ne2 dxc4 10. Bxc4 cxd4 11. Nexd4 Nxd4 12. exd4 Bd7 13. Qe2 Bc6 14. Rd1 Bd5
15. Bd3 Bb6 16. Bg5 h6 17. Be3 Qe7 18. Ne5 Rfd8 19. Rac1 Bb3 20. Re1 Bd5 21. h3
Rac8 22. Bb1 a6 23. Qd2 Rxc1 24. Rxc1 Be4 25. Ba2 Nd5 26. Qe2 Nxe3 27. fxe3 Bc7
28. Qg4 Bd5 29. Bxd5 exd5 30. Qf5 Bxe5 31. Qxe5 Qxe5 32. dxe5 Re8 33. Kf2 Rxe5
34. Rc8+ Kh7 35. Rc7 Rf5+ 36. Ke2 b5 37. Ra7 Rg5 38. Kf3 Rf5+ 39. Ke2 Rf6 40.
Rd7 Rg6 41. Kf3 Rc6 42. Rxf7 Rc2 43. Ra7 Rxb2 1/2-1/2

[Event "40 Yrs Beer Sheva CC"]
[Site "Beer Sheva ISR"]
[Date "2013.05.27"]
[Round "4"]
[White "Rodshtein, Maxim"]
[Black "Postny, Evgeny"]
[Result "0-1"]
[WhiteTitle "GM"]
[BlackTitle "GM"]
[WhiteElo "2638"]
[BlackElo "2637"]
[WhiteFideId "2806851"]
[BlackFideId "2804344"]
[EventDate "2013.05.26"]

1. d4 d5 2. c4 dxc4 3. e4 e5 4. Nf3 Bb4+ 5. Nc3 exd4 6. Nxd4 Ne7 7. a3 Nbc6 8.
axb4 Qxd4 9. Qa4 O-O 10. Be3 Qf6 11. Bxc4 Be6 12. b5 Ne5 13. Be2 Qg6 14. O-O-O
Ng4 15. Bxg4 Qxg4 16. Qd4 a6 17. h3 Qg6 18. Qc5 Rfe8 19. bxa6 bxa6 20. g4 Bb3
21. Rd7 Qe6 22. Rxc7 Rac8 23. Re1 Rxc7 24. Qxc7 Rc8 25. Qb7 Qc4 26. Qd7 Ba4 27.
Qd4 Qb3 28. Qd3 h6 29. Kb1 Rb8 30. Bc1 Nc6 31. f3 Rd8 32. Qe2 Nd4 33. Qd3 Ne6
34. Qe2 Nd4 35. Qd3 Bb5 36. Qd1 Qc4 37. Nxb5 axb5 38. Re3 Ne6 39. Qe2 Qa4 40.
Rd3 Rc8 41. Ra3 Qb4 42. Qd2 Qe7 43. Rc3 Rd8 44. Qe2 b4 45. Rd3 Ra8 46. Qe3 Qb7
47. Rd6 b3 48. Bd2 Ra1+ 0-1

[Event "40 Yrs Beer Sheva CC"]
[Site "Beer Sheva ISR"]
[Date "2013.05.27"]
[Round "5"]
[White "Fridman, Daniel"]
[Black "Rodshtein, Maxim"]
[Result "1/2-1/2"]
[WhiteTitle "GM"]
[BlackTitle "GM"]
[WhiteElo "2648"]
[BlackElo "2638"]
[WhiteFideId "11600454"]
[BlackFideId "2806851"]
[EventDate "2013.05.26"]

1. c4 g6 2. Nc3 c5 3. Nf3 Bg7 4. e3 Nf6 5. d4 cxd4 6. exd4 d5 7. cxd5 Nxd5 8.
Bc4 Nb6 9. Bb3 O-O 10. O-O Nc6 11. d5 Na5 12. Bg5 Bg4 13. Re1 Re8 14. h3 Bxf3
15. Qxf3 Nxb3 16. axb3 Bxc3 17. bxc3 Qxd5 18. Qxd5 Nxd5 19. c4 f6 20. cxd5 fxg5
21. Rac1 Rad8 22. Rc7 Rxd5 23. Rxb7 a5 24. Rexe7 1/2-1/2

[Event "40 Yrs Beer Sheva CC"]
[Site "Beer Sheva ISR"]
[Date "2013.05.27"]
[Round "5"]
[White "Postny, Evgeny"]
[Black "Greenfeld, Alon"]
[Result "0-1"]
[WhiteTitle "GM"]
[BlackTitle "GM"]
[WhiteElo "2637"]
[BlackElo "2538"]
[WhiteFideId "2804344"]
[BlackFideId "2800039"]
[EventDate "2013.05.26"]

1. d4 e6 2. c4 b6 3. e4 Bb7 4. Qc2 Qh4 5. Nd2 f5 6. exf5 Nc6 7. Ngf3 Nxd4 8.
Nxd4 Qxd4 9. fxe6 O-O-O 10. Qc3 Qg4 11. exd7+ Rxd7 12. Nf3 Nf6 13. h3 Qe4+ 14.
Be2 Bc5 15. Be3 Nd5 16. Qe5 Nxe3 17. fxe3 Qc2 18. Qe6 Qxb2 19. Rd1 Bd6 20. Kf2
Rf8 21. c5 bxc5 22. Rb1 Qe5 23. Qxe5 Bxe5 24. Rhc1 Bd6 25. Bc4 Re7 26. Rb3 Be4
27. Ba6+ Kd7 28. Bb5+ Kd8 29. Bc6 Rxf3+ 30. gxf3 Bxc6 31. Ra3 Rf7 32. f4 g5 33.
Rxa7 gxf4 34. exf4 Rxf4+ 35. Ke2 Re4+ 36. Kf2 Be7 37. Rd1+ Kc8 38. Ra6 Kb7 39.
Ra3 c4 40. Rb1+ Kc8 41. Ra6 Bc5+ 42. Kg3 Bb6 43. Ra3 h5 44. h4 Rg4+ 45. Kh3 Bf2
46. Kh2 Rxh4+ 47. Rh3 Rxh3+ 48. Kxh3 Be3 0-1

[Event "40 Yrs Beer Sheva CC"]
[Site "Beer Sheva ISR"]
[Date "2013.05.27"]
[Round "5"]
[White "Huzman, Alexander"]
[Black "Laznicka, Viktor"]
[Result "1/2-1/2"]
[WhiteTitle "GM"]
[BlackTitle "GM"]
[WhiteElo "2572"]
[BlackElo "2679"]
[WhiteFideId "2803828"]
[BlackFideId "316385"]
[EventDate "2013.05.26"]

1. d4 d5 2. c4 c6 3. Nf3 Nf6 4. e3 Bg4 5. h3 Bh5 6. Nc3 e6 7. g4 Bg6 8. Ne5 Nbd7
9. Nxg6 hxg6 10. a3 Bd6 11. c5 Bc7 12. g5 Nh5 13. Qg4 e5 14. Bd2 Nf8 15. Bd3
exd4 16. exd4 Ne6 17. Ne2 Qd7 18. O-O-O O-O-O 19. Kc2 Nef4 20. Qxd7+ Kxd7 21.
Bxf4 Nxf4 22. Nxf4 Bxf4 23. h4 b6 24. b4 b5 25. a4 a6 26. a5 Rh7 27. Rdg1 Rdh8
28. Rg4 Bc7 29. Kd2 Bd8 30. f4 f5 31. gxf6 Bxf6 32. Bxg6 Rxh4 33. Rgxh4 Bxh4 34.
Bf5+ Kc7 35. Kc2 Rh6 36. Bg4 Bg5 1/2-1/2